<?xml version="1.0" encoding="UTF-8"?>
<record
    xmlns:xsi="http://www.w3.org/2001/XMLSchema-instance"
    xsi:schemaLocation="http://www.loc.gov/MARC21/slim http://www.loc.gov/standards/marcxml/schema/MARC21slim.xsd"
    xmlns="http://www.loc.gov/MARC21/slim">

  <leader>01134nam a2200193   4500</leader>
  <controlfield tag="003">OSt</controlfield>
  <controlfield tag="005">20231101090427.0</controlfield>
  <controlfield tag="008">231101b        |||||||| |||| 00| 0 eng d</controlfield>
  <datafield tag="040" ind1=" " ind2=" ">
    <subfield code="c">Lado V</subfield>
  </datafield>
  <datafield tag="082" ind1=" " ind2=" ">
    <subfield code="a">700</subfield>
    <subfield code="b">G599k</subfield>
  </datafield>
  <datafield tag="110" ind1=" " ind2=" ">
    <subfield code="9">831</subfield>
    <subfield code="a">Goethe-Institut</subfield>
    <subfield code="e">autor</subfield>
  </datafield>
  <datafield tag="245" ind1=" " ind2=" ">
    <subfield code="a">Kulturchronik/</subfield>
  </datafield>
  <datafield tag="260" ind1=" " ind2=" ">
    <subfield code="a">Alemania</subfield>
    <subfield code="b">VG Bild-Kunst</subfield>
    <subfield code="c">2003</subfield>
  </datafield>
  <datafield tag="300" ind1=" " ind2=" ">
    <subfield code="a">55p.</subfield>
    <subfield code="c">15 x 21 cm </subfield>
  </datafield>
  <datafield tag="490" ind1=" " ind2=" ">
    <subfield code="a">2</subfield>
    <subfield code="v">21</subfield>
    <subfield code="x">0934-1684</subfield>
  </datafield>
  <datafield tag="505" ind1=" " ind2=" ">
    <subfield code="t">Retrato: Manfred Kock, Obispo Superior de la iglesia Protestante de Alemania</subfield>
    <subfield code="t">Artes Pl&#xE1;sticas Lo que amamos perecer&#xE1; Picasso y la vieja Europa</subfield>
    <subfield code="t">Literatura Jurek Becker: una vida sin ni&#xF1;ez</subfield>
    <subfield code="t">Temas de la &#xE9;poca: Como funcionan los imperios</subfield>
    <subfield code="t">M&#xFA;sica: El compositor Gyorgy Ligeti: un encuentro </subfield>
    <subfield code="t">Fotografia: El diccionario de los fotografos Hans-Michael Koetzle: Desde 1900 hasta hoy</subfield>
    <subfield code="t">Cine: Crear situaciones de hecho</subfield>
    <subfield code="t">Arquitectura y dise&#xF1;o: En busca del &#xE1;mbito sagrado</subfield>
    <subfield code="t">Educaci&#xF3;n y Ciencia: Los chinos &#xE1;vidos de aprender</subfield>
    <subfield code="t">Portada: Dise&#xF1;o: Klaus Winterhager</subfield>
  </datafield>
  <datafield tag="650" ind1=" " ind2=" ">
    <subfield code="x">Premios - Costa Rica</subfield>
    <subfield code="x">arte - premios</subfield>
    <subfield code="x">museos - premios</subfield>
    <subfield code="x">Cat&#xE1;logo de exhibici&#xF3;n</subfield>
    <subfield code="9">7143</subfield>
  </datafield>
  <datafield tag="942" ind1=" " ind2=" ">
    <subfield code="2">ddc</subfield>
    <subfield code="c">1</subfield>
    <subfield code="h">700</subfield>
    <subfield code="i">G599k</subfield>
    <subfield code="n">0</subfield>
  </datafield>
  <datafield tag="999" ind1=" " ind2=" ">
    <subfield code="c">4497</subfield>
    <subfield code="d">4497</subfield>
  </datafield>
  <datafield tag="952" ind1=" " ind2=" ">
    <subfield code="0">0</subfield>
    <subfield code="1">0</subfield>
    <subfield code="2">ddc</subfield>
    <subfield code="3">2003</subfield>
    <subfield code="4">0</subfield>
    <subfield code="7">0</subfield>
    <subfield code="8">Revistas</subfield>
    <subfield code="a">LV</subfield>
    <subfield code="b">LV</subfield>
    <subfield code="d">2023-11-01</subfield>
    <subfield code="i">005202</subfield>
    <subfield code="l">0</subfield>
    <subfield code="o">700 G599k</subfield>
    <subfield code="p">005202</subfield>
    <subfield code="r">2023-11-01 00:00:00</subfield>
    <subfield code="w">2023-11-01</subfield>
    <subfield code="y">1</subfield>
  </datafield>
</record>
